Ägypten: Strassenkarte mit Sehenswürdigkeiten = Egypt : road map for sightseeing (Record no. 15431)
[ view plain ]
| 000 -LEADER | |
|---|---|
| fixed length control field | 00417nam a2200133Ia 4500 |
| 008 - FIXED-LENGTH DATA ELEMENTS--GENERAL INFORMATION | |
| fixed length control field | 191206s9999 xx 000 0 und d |
| 090 ## - | |
| -- | G8301E635 |
| 245 #0 - TITLE STATEMENT | |
| Title | Ägypten: Strassenkarte mit Sehenswürdigkeiten = Egypt : road map for sightseeing |
| 250 ## - EDITION STATEMENT | |
| Edition statement | Ausg. 1977. |
| 260 ## - PUBLICATION, DISTRIBUTION, ETC. | |
| Place of publication, distribution, etc. | Kümmerly + Frey |
| 260 ## - PUBLICATION, DISTRIBUTION, ETC. | |
| Date of publication, distribution, etc. | c[1977] |
| 300 ## - PHYSICAL DESCRIPTION | |
| Extent | 1 map : col. ; 90 x 75 cm. fold. in cover 24 x 14 |
| Withdrawn status | Lost status | Source of classification or shelving scheme | Damaged status | Not for loan | Home library | Current library | Date acquired | Inventory number | Total Checkouts | Full call number | Barcode | Date last seen | Price effective from | Koha item type |
|---|---|---|---|---|---|---|---|---|---|---|---|---|---|---|
| CUZ Bulawayo Campus | CUZ Bulawayo Campus | 06.12.2019 | CUB00939 | G8301E635 | BBK000103 | 06.12.2019 | 06.12.2019 | OS Book |